[Event "COL-chT"]
[Site "Santa Marta"]
[Date "2022.11.05"]
[Round "7.3"]
[White "Rodriguez Suarez, Luis Alejandro"]
[Black "Prasca Sosa, Rafael Felipe"]
[Result "1/2-1/2"]
[WhiteElo "1996"]
[BlackElo "2333"]
[PlyCount "72"]
[EventDate "2022.11.02"]
[EventType "team-swiss"]
[EventRounds "7"]
[EventCountry "COL"]
[SourceTitle "CBM 211 Extra"]
[Source "ChessBase"]
[SourceDate "2023.01.31"]
[SourceVersion "1"]
[SourceVersionDate "2023.01.31"]
[SourceQuality "1"]
[WhiteTeam "Magdalena"]
[BlackTeam "Risaralda"]
[WhiteTeamCountry "COL"]
[BlackTeamCountry "COL"]

1. d4 d5 2. Bf4 Nf6 3. Nf3 e6 4. Nbd2 Bd6 5. e3 0-0 6. Bd3 c5 7. c3 Nc6 8. 0-0 Bxf4 9. exf4 cxd4 10. Nxd4 Nxd4 11. cxd4 Qb6 12. Nb3 Bd7 13. Qe2 Qb4 14. Qd2 Qd6 15. Rac1 a5 16. a3 b6 17. Qe3 Ba4 18. Nd2 Qd7 19. Rfe1 Bb5 20. Bb1 Rfc8 21. Nf3 Bc4 22. b3 Ba6 23. h3 Qd6 24. a4 g6 25. Qe5 Qxe5 26. fxe5 Nd7 27. Nd2 Kf8 28. f4 Ke7 29. Kf2 Kd8 30. Nf3 h6 31. g4 b5 32. axb5 Bxb5 33. f5 Nf8 34. fxg6 fxg6 35. g5 h5 36. Nh4 Be8 1/2-1/2

[Event "Pereira Fiestas de la Cosecha"]
[Site "Pereira"]
[Date "2022.08.24"]
[Round "2"]
[White "Pereira Vera, Henry Alberto"]
[Black "Prasca Sosa, Rafael Felipe"]
[Result "0-1"]
[WhiteElo "1831"]
[BlackElo "2348"]
[PlyCount "40"]
[EventDate "2022.08.24"]
[EventType "swiss"]
[EventRounds "10"]
[EventCountry "COL"]
[SourceTitle "CBM 210 Extra"]
[Source "ChessBase"]
[SourceDate "2022.11.30"]
[SourceVersion "1"]
[SourceVersionDate "2022.11.30"]
[SourceQuality "1"]

1. b3 d5 2. Bb2 Bf5 3. Nf3 e6 4. e3 Nd7 5. Be2 h6 6. 0-0 Ngf6 7. c4 c6 8. Nd4 Bh7 9. f4 Bd6 10. Nc3 0-0 11. Kh1 a6 12. Qe1 Nc5 13. cxd5 cxd5 14. Qh4 Nfe4 15. Qxd8 Rfxd8 16. b4 Nxc3 17. Bxc3 Na4 18. b5 Nxc3 19. dxc3 Rdc8 20. bxa6 bxa6 0-1

[Event "Pereira Gildardo Garcia Memorial-A"]
[Site "Pereira"]
[Date "2022.05.18"]
[Round "1"]
[White "Mateus, Martha"]
[Black "Prasca Sosa, Rafael Felipe"]
[Result "1/2-1/2"]
[WhiteElo "2039"]
[BlackElo "2355"]
[PlyCount "58"]
[EventDate "2022.05.18"]
[EventType "swiss"]
[EventRounds "10"]
[EventCountry "COL"]
[SourceTitle "CBM 208 Extra"]
[Source "ChessBase"]
[SourceDate "2022.07.31"]
[SourceVersion "1"]
[SourceVersionDate "2022.07.31"]
[SourceQuality "1"]

1. e4 e6 2. d4 d5 3. Bd3 Nf6 4. e5 Nfd7 5. f4 c5 6. c3 Nc6 7. Nf3 g6 8. 0-0 Qb6 9. Kh1 h5 10. Bc2 cxd4 11. cxd4 Ne7 12. Nc3 Nf5 13. a3 Nb8 14. Na4 Qd8 15. Ng5 Be7 16. Rf3 b6 17. Bxf5 exf5 18. Nc3 Ba6 19. Bd2 Kf8 20. Qg1 Nc6 21. Re1 Bxg5 22. fxg5 Qd7 23. e6 fxe6 24. Bf4 Kf7 25. Qe3 Rhe8 26. Be5 Kg8 27. Qf4 Nxe5 28. Rxe5 Rac8 29. Rfe3 Kf7 1/2-1/2

[Event "COL Subzt 2.3.4"]
[Site "Risarald"]
[Date "2021.11.28"]
[Round "9"]
[White "Campos Gomez, Manuel"]
[Black "Prasca Sosa, Rafael Felipe"]
[Result "1/2-1/2"]
[WhiteElo "2159"]
[BlackElo "2364"]
[PlyCount "34"]
[EventDate "2021.11.23"]
[EventType "swiss"]
[EventRounds "9"]
[EventCountry "COL"]
[SourceTitle "CBM 205 Extra"]
[Source "ChessBase"]
[SourceDate "2022.01.31"]
[SourceVersion "1"]
[SourceVersionDate "2022.01.31"]
[SourceQuality "1"]

1. e4 e6 2. d4 d5 3. Nc3 Nf6 4. e5 Nfd7 5. Nce2 c5 6. c3 Nc6 7. f4 Qb6 8. Nf3 Ndb8 9. g3 Bd7 10. Bh3 cxd4 11. cxd4 Bb4+ 12. Bd2 Ne7 13. 0-0 Bxd2 14. Qxd2 Bb5 15. Rfc1 Bxe2 16. Qxe2 Nbc6 17. Qd3 g6 1/2-1/2

[Event "COL Subzt 2.3.4"]
[Site "Risarald"]
[Date "2021.11.25"]
[Round "5"]
[White "Prasca Sosa, Rafael Felipe"]
[Black "Tobar Beltran, Jorge Esteban"]
[Result "1-0"]
[WhiteElo "2364"]
[BlackElo "2046"]
[PlyCount "93"]
[EventDate "2021.11.23"]
[EventType "swiss"]
[EventRounds "9"]
[EventCountry "COL"]
[SourceTitle "CBM 205 Extra"]
[Source "ChessBase"]
[SourceDate "2022.01.31"]
[SourceVersion "1"]
[SourceVersionDate "2022.01.31"]
[SourceQuality "1"]

1. e4 e5 2. Nf3 Nf6 3. Nc3 Bb4 4. a3 Bxc3 5. dxc3 d6 6. Bd3 Bg4 7. h3 Bh5 8. Qe2 Nbd7 9. g4 Bg6 10. Nh4 Nc5 11. Nf5 Bxf5 12. exf5 Nxd3+ 13. Qxd3 Qd7 14. Be3 Qc6 15. 0-0-0 Nd7 16. c4 0-0-0 17. Qd5 Qxd5 18. cxd5 Rhe8 19. f3 Nb6 20. b3 c5 21. Kb2 Kd7 22. c4 a6 23. Kc3 Na8 24. b4 b6 25. Rb1 Rb8 26. Kd3 a5 27. b5 Nc7 28. Rbg1 Rh8 29. g5 Rbf8 30. h4 Ne8 31. Rg2 g6 32. f6 h5 33. Bd2 Nc7 34. Re1 Re8 35. Rge2 Kd8 36. f4 Kd7 37. Bc3 e4+ 38. Ke3 Rhf8 39. f5 Kd8 40. Rf1 Kd7 41. Be1 Re5 42. Bc3 Nxd5+ 43. cxd5 Rxd5 44. Kxe4 Rxf5 45. Rxf5 Re8+ 46. Re5 dxe5 47. Rd2+ 1-0

[Event "COL-ch Blitz"]
[Site "Villavicencio"]
[Date "2021.11.15"]
[Round "9"]
[White "Prasca Sosa, Rafael Felipe"]
[Black "Valderrama Quiceno, Esteban Alberto"]
[Result "0-1"]
[WhiteElo "2324"]
[BlackElo "2563"]
[PlyCount "88"]
[EventDate "2021.11.15"]
[EventType "swiss (blitz)"]
[EventRounds "13"]
[EventCountry "COL"]
[SourceTitle "CBM 205 Extra"]
[Source "ChessBase"]
[SourceDate "2022.01.31"]
[SourceVersion "1"]
[SourceVersionDate "2022.01.31"]
[SourceQuality "1"]

1. e4 g6 2. d4 Bg7 3. Nc3 d6 4. Nf3 Nf6 5. Bc4 0-0 6. 0-0 Bg4 7. h3 Bxf3 8. Qxf3 Nc6 9. Rd1 e5 10. dxe5 Nxe5 11. Qe2 c6 12. Bb3 Qc7 13. f4 Ned7 14. Be3 Rfe8 15. Qf3 b5 16. a3 a5 17. f5 Rac8 18. fxg6 hxg6 19. Qg3 Ne5 20. Qh4 Nfd7 21. Rf1 Nc5 22. Ba2 Nc4 23. Bxc4 bxc4 24. Bh6 Bxh6 25. Qxh6 Nxe4 26. Rf4 Qa7+ 27. Kh2 Qe3 28. Raf1 Nxc3 29. bxc3 d5 30. R1f3 Qe5 31. g3 Rc7 32. Rf2 Qg7 33. Qg5 Rce7 34. h4 Re2 35. Rxe2 Rxe2+ 36. Kh3 Qe5 37. Qd8+ Kg7 38. Qd7 Qe6+ 39. Qxe6 fxe6 40. Kg4 Rxc2 41. Kg5 Rxc3 42. g4 Re3 43. h5 Re5+ 44. Kh4 g5+ 0-1

[Event "COL-ch Rapid"]
[Site "Villavicencio"]
[Date "2021.11.13"]
[Round "2"]
[White "Bejarano, Danny Andres"]
[Black "Prasca Sosa, Rafael Felipe"]
[Result "0-1"]
[WhiteElo "2041"]
[BlackElo "2374"]
[PlyCount "76"]
[EventDate "2021.11.13"]
[EventType "swiss (rapid)"]
[EventRounds "9"]
[EventCountry "COL"]
[SourceTitle "CBM 205 Extra"]
[Source "ChessBase"]
[SourceDate "2022.01.31"]
[SourceVersion "1"]
[SourceVersionDate "2022.01.31"]
[SourceQuality "1"]

1. e4 e6 2. d4 d5 3. Nd2 Be7 4. exd5 exd5 5. Bd3 Nf6 6. Ne2 0-0 7. 0-0 Bg4 8. f3 Bh5 9. Nf4 Bg6 10. Nxg6 hxg6 11. Re1 Bd6 12. Nf1 c6 13. Bg5 Qb6 14. Bxf6 gxf6 15. Be2 Qxb2 16. Rb1 Qc3 17. Rb3 Qa5 18. Qc1 Re8 19. g3 b5 20. Ne3 Nd7 21. Kf2 Kg7 22. h4 Rh8 23. Rh1 Qc7 24. f4 Rae8 25. h5 f5 26. Rh3 Nf6 27. Bf3 Rh7 28. h6+ Rxh6 29. Rxh6 Kxh6 30. Qa1 Kg7 31. a4 b4 32. Rb1 Bxf4 33. gxf4 Qxf4 34. Re1 Rxe3 35. Rxe3 Ng4+ 36. Ke1 Qxe3+ 37. Be2 Qg1+ 38. Bf1 Qf2+ 0-1

[Event "Manizales Las Americas op-A"]
[Site "Manizales"]
[Date "2021.10.18"]
[Round "10"]
[White "Sanchez, Sebastian Felipe"]
[Black "Prasca Sosa, Rafael Felipe"]
[Result "1/2-1/2"]
[WhiteElo "2445"]
[BlackElo "2363"]
[PlyCount "119"]
[EventDate "2021.10.14"]
[EventType "swiss"]
[EventRounds "10"]
[EventCountry "COL"]
[SourceTitle "CBM 204 Extra"]
[Source "ChessBase"]
[SourceDate "2021.11.30"]
[SourceVersion "1"]
[SourceVersionDate "2021.11.30"]
[SourceQuality "1"]

1. d4 d5 2. Bf4 Nf6 3. e3 e6 4. Nd2 c5 5. c3 Nc6 6. Bd3 a6 7. Ngf3 Bd6 8. Bg3 Qe7 9. Ne5 Bxe5 10. dxe5 Nd7 11. Nf3 g5 12. h3 h5 13. e4 d4 14. cxd4 cxd4 15. Qd2 Rg8 16. Be2 d3 17. Qxd3 Qb4+ 18. Qd2 Nc5 19. Qxb4 Nxb4 20. Nd4 Nxe4 21. a3 Nxg3 22. fxg3 Nc6 23. Nxc6 bxc6 24. Bxh5 Rb8 25. 0-0 Rg7 26. b4 Rb5 27. Rac1 Bd7 28. Rc5 Ke7 29. Rfc1 f6 30. exf6+ Kxf6 31. Be2 Rxc5 32. Rxc5 Be8 33. Kf2 Rd7 34. Ke3 Rd5 35. Bxa6 Rd1 36. a4 Ra1 37. a5 Ra3+ 38. Kd2 Rxg3 39. Bf1 Rb3 40. Rc4 Ra3 41. Kc2 e5 42. Rc3 Ra4 43. Kb3 Ra1 44. Bd3 Ke7 45. Kb2 Ra4 46. Kb3 Ra1 47. a6 Kd6 48. Rc5 Bf7+ 49. Kb2 Ra2+ 50. Kc3 Bd5 51. g3 Ra3+ 52. Kd2 e4 53. Bc4 Bxc4 54. Rxc4 Rxg3 55. Rc5 Rxh3 56. a7 Rh8 57. Ke3 Ra8 58. Ra5 Kc7 59. Kxe4 Kb6 60. Rxg5 1/2-1/2

[Event "Soacha op-A"]
[Site "Soacha"]
[Date "2021.09.10"]
[Round "5"]
[White "Prasca Sosa, Rafael Felipe"]
[Black "Baules Rodriguez, Jorge Luis"]
[Result "1-0"]
[WhiteElo "2356"]
[BlackElo "2355"]
[PlyCount "81"]
[EventDate "2021.09.08"]
[EventType "swiss"]
[EventRounds "10"]
[EventCountry "COL"]
[SourceTitle "CBM 204 Extra"]
[Source "ChessBase"]
[SourceDate "2021.11.30"]
[SourceVersion "1"]
[SourceVersionDate "2021.11.30"]
[SourceQuality "1"]

1. e4 c5 2. Nf3 Nc6 3. d4 cxd4 4. Nxd4 Nf6 5. Nc3 e5 6. Ndb5 d6 7. Bg5 a6 8. Na3 b5 9. Nd5 Be7 10. Bxf6 Bxf6 11. c4 b4 12. Nc2 a5 13. g3 0-0 14. Bg2 Be6 15. 0-0 a4 16. Qd3 Rb8 17. b3 Be7 18. Kh1 Qd7 19. f4 f6 20. Rfd1 Bd8 21. f5 Bf7 22. c5 Qa7 23. cxd6 Qc5 24. Rac1 axb3 25. axb3 Qxd6 26. Qa6 Bh5 27. Nce3 Be8 28. Nf4 Qe7 29. Ne6 Nd4 30. Nd5 Qd7 31. Nxf8 Kxf8 32. Qc4 Bf7 33. Ra1 Be7 34. Ra5 Rc8 35. Nb6 Bxc4 36. Nxd7+ Ke8 37. Rxd4 exd4 38. Nb6 Rd8 39. Nxc4 d3 40. Bf3 d2 41. Rd5 1-0

[Event "Soacha op-A"]
[Site "Soacha"]
[Date "2021.09.10"]
[Round "6"]
[White "Prasca Sosa, Rafael Felipe"]
[Black "Garcia Pantoja, Roberto"]
[Result "1/2-1/2"]
[WhiteElo "2356"]
[BlackElo "2522"]
[PlyCount "58"]
[EventDate "2021.09.08"]
[EventType "swiss"]
[EventRounds "10"]
[EventCountry "COL"]
[SourceTitle "CBM 204 Extra"]
[Source "ChessBase"]
[SourceDate "2021.11.30"]
[SourceVersion "1"]
[SourceVersionDate "2021.11.30"]
[SourceQuality "1"]

1. e4 c6 2. d4 d5 3. e5 Bf5 4. Nf3 e6 5. Be2 c5 6. 0-0 Nc6 7. c3 cxd4 8. Nxd4 Nxd4 9. cxd4 Ne7 10. Nc3 Nc6 11. g4 Bg6 12. f4 f5 13. Be3 Be7 14. g5 h6 15. h4 hxg5 16. hxg5 Kf7 17. Kg2 Na5 18. Rh1 Rxh1 19. Qxh1 Rc8 20. Rd1 Nc4 21. Bc1 Qb6 22. b3 Na3 23. Qh3 Bb4 24. Bb2 Bxc3 25. Bxc3 Nb5 26. Rc1 Rc6 27. Qd3 a6 28. a4 Nxc3 29. Rxc3 a5 1/2-1/2

[Event "Soacha op-A"]
[Site "Soacha"]
[Date "2021.09.09"]
[Round "4"]
[White "Becerra, Juan David"]
[Black "Prasca Sosa, Rafael Felipe"]
[Result "1/2-1/2"]
[WhiteElo "2281"]
[BlackElo "2356"]
[PlyCount "29"]
[EventDate "2021.09.08"]
[EventType "swiss"]
[EventRounds "10"]
[EventCountry "COL"]
[SourceTitle "CBM 204 Extra"]
[Source "ChessBase"]
[SourceDate "2021.11.30"]
[SourceVersion "1"]
[SourceVersionDate "2021.11.30"]
[SourceQuality "1"]

1. e4 e6 2. d4 d5 3. exd5 exd5 4. Bd3 Bd6 5. Qf3 c6 6. Ne2 Qf6 7. Bf4 Bxf4 8. Qxf4 Qxf4 9. Nxf4 Ne7 10. 0-0 Bf5 11. Re1 Bxd3 12. Nxd3 Nd7 13. Nd2 Kd8 14. c4 Re8 15. b3 1/2-1/2

[Event "COL-ch sf"]
[Site "Santa Rosa"]
[Date "2021.08.16"]
[Round "10"]
[White "Prasca Sosa, Rafael Felipe"]
[Black "Toro Castaneda, Miguel Angel"]
[Result "1-0"]
[WhiteElo "2377"]
[BlackElo "1991"]
[PlyCount "63"]
[EventDate "2021.08.11"]
[EventType "swiss"]
[EventRounds "11"]
[EventCountry "COL"]
[SourceTitle "CBM 204 Extra"]
[Source "ChessBase"]
[SourceDate "2021.11.30"]
[SourceVersion "1"]
[SourceVersionDate "2021.11.30"]
[SourceQuality "1"]

1. e4 c5 2. Nf3 d6 3. d4 cxd4 4. Nxd4 Nf6 5. Nc3 g6 6. Bc4 Bg7 7. h3 0-0 8. Bb3 Nc6 9. Be3 Na5 10. Qd2 b6 11. f3 Bb7 12. 0-0-0 Rc8 13. Bh6 Bxh6 14. Qxh6 Rxc3 15. bxc3 Qc7 16. Kb1 Nc4 17. h4 Rc8 18. Bxc4 Qxc4 19. h5 Qxc3 20. hxg6 fxg6 21. Qd2 Qa3 22. Qc1 Qa5 23. Qb2 d5 24. e5 Nd7 25. f4 Rc4 26. Nb3 Qb5 27. f5 gxf5 28. e6 Nf6 29. Qe5 Bc8 30. Qxf5 Qc6 31. Rxh7 Qe8 32. Rdh1 1-0

[Event "COL-ch sf"]
[Site "Santa Rosa"]
[Date "2021.08.13"]
[Round "4"]
[White "Gallego, Julian Andres"]
[Black "Prasca Sosa, Rafael Felipe"]
[Result "1/2-1/2"]
[WhiteElo "2182"]
[BlackElo "2377"]
[PlyCount "87"]
[EventDate "2021.08.11"]
[EventType "swiss"]
[EventRounds "11"]
[EventCountry "COL"]
[SourceTitle "CBM 204 Extra"]
[Source "ChessBase"]
[SourceDate "2021.11.30"]
[SourceVersion "1"]
[SourceVersionDate "2021.11.30"]
[SourceQuality "1"]

1. c4 e5 2. g3 Nc6 3. Bg2 g6 4. Nc3 Bg7 5. e3 d6 6. Nge2 Nge7 7. 0-0 h5 8. d4 h4 9. d5 Nb8 10. e4 Nd7 11. Bg5 Bh6 12. Bxh6 Rxh6 13. Qd2 Rh7 14. b4 Kf8 15. f4 a5 16. a3 hxg3 17. hxg3 axb4 18. axb4 Rxa1 19. Rxa1 Kg7 20. c5 dxc5 21. fxe5 cxb4 22. e6 bxc3 23. Qxc3+ Nf6 24. Rf1 Nexd5 25. exd5 fxe6 26. g4 e5 27. Qxe5 Bxg4 28. Nf4 Rh8 29. Rc1 c6 30. dxc6 Qb6+ 31. Kf1 Qa6+ 32. Kf2 Qa7+ 33. Kf1 Qa6+ 34. Kf2 Qa7+ 35. Kg3 Re8 36. Qc7+ Kh6 37. Rh1+ Kg5 38. Nh3+ Kh6 39. Ng5+ Nh5+ 40. Rxh5+ gxh5 41. Nf7+ Kg6 42. Ne5+ Rxe5 43. Qxe5 Qa3+ 44. Kh2 1/2-1/2

[Event "COL-ch sf"]
[Site "Santa Rosa"]
[Date "2021.08.13"]
[Round "5"]
[White "Prasca Sosa, Rafael Felipe"]
[Black "Carrillo Parra, Miguel Alfredo"]
[Result "0-1"]
[WhiteElo "2377"]
[BlackElo "2112"]
[PlyCount "68"]
[EventDate "2021.08.11"]
[EventType "swiss"]
[EventRounds "11"]
[EventCountry "COL"]
[SourceTitle "CBM 204 Extra"]
[Source "ChessBase"]
[SourceDate "2021.11.30"]
[SourceVersion "1"]
[SourceVersionDate "2021.11.30"]
[SourceQuality "1"]

1. e4 e5 2. Nf3 Nc6 3. Bb5 a6 4. Ba4 Nf6 5. d3 d6 6. c3 g6 7. 0-0 Bg7 8. Re1 0-0 9. Nbd2 b5 10. Bc2 Bb7 11. Nf1 Nb8 12. Ng3 Nbd7 13. d4 Re8 14. h3 d5 15. Nxe5 Nxe4 16. Nxd7 Qxd7 17. Bf4 Nxg3 18. Bxg3 c5 19. Qd2 Qc6 20. Rad1 a5 21. Bb1 b4 22. f3 bxc3 23. bxc3 cxd4 24. cxd4 Qa4 25. Be5 Ba6 26. Bd3 Bxd3 27. Qxd3 Qxa2 28. Bxg7 Kxg7 29. Re5 a4 30. Qe3 Qb3 31. Qe1 a3 32. Rb1 Qa4 33. Rb4 Qc6 34. Qa1 Rxe5 0-1